Statistics for Heaven or Las Vegas - The Weeknd Lyrics

Click here to take the quiz!

General Stats

  • This quiz has been taken 11 times
  • The average score is 90 of 111

Answer Stats

HintAnswer% Correct
a
100%
all
100%
for
100%
I
100%
My
100%
my
100%
So
100%
they
100%
They
100%
want
100%
can
90%
him
90%
I'm
90%
life
90%
say,
90%
2xyou
90%
been
80%
father's
80%
God
80%
heaven
80%
it
80%
me
80%
paying
80%
sins
80%
thank
80%
Well
80%
am
70%
cause
70%
have
70%
in
70%
it's
70%
It's
70%
I've
70%
Let
70%
let
70%
your
70%
baby
60%
Girl,
60%
gone
60%
inner
60%
kiss
60%
of
60%
thigh
60%
with
60%
got
50%
I'mma
50%
moment
50%
never
50%
prayed
50%
rewarded
50%
serotonin's
50%
while
50%
ago
40%

Score Distribution

Percentile by Number Answered

Percent of People with Each Score

Your Score History

You have not taken this quiz